Physics for the life sciences / (Record no. 181506)

000 -LEADER
fixed length control field 00680 a2200193 4500
003 - CONTROL NUMBER IDENTIFIER
control field NUST
005 - DATE AND TIME OF LATEST TRANSACTION
control field 20221124182403.0
010 ## - LIBRARY OF CONGRESS CONTROL NUMBER
LC control number 73014683
020 ## - INTERNATIONAL STANDARD BOOK NUMBER
International Standard Book Number 0070144303
040 ## - CATALOGING SOURCE
Transcribing agency Nust
082 00 - DEWEY DECIMAL CLASSIFICATION NUMBER
Classification number 530,CRO
100 1# - MAIN ENTRY--PERSONAL NAME
Personal name Cromer, Alan H.,
9 (RLIN) 103537
245 10 - TITLE STATEMENT
Title Physics for the life sciences /
Statement of responsibility, etc. Alan H. Cromer.
260 ## - PUBLICATION, DISTRIBUTION, ETC.
Place of publication, distribution, etc. New York,
Name of publisher, distributor, etc. McGraw-Hill
Date of publication, distribution, etc. [1974]
300 ## - PHYSICAL DESCRIPTION
Extent xii, 497 p.:
Other physical details illus.
Dimensions 24 cm.
505 ## - FORMATTED CONTENTS NOTE
Formatted contents note Part-1: Mechanics (Page-3), Part-2: Properties of Matter(Page-125), Part-3: Wave Phenomena (Page-239), Part-4: Electricity and Magnetism (Page-339), Part-5: Modern Physics (Page-415), Appendix (Page-470).
650 #0 - SUBJECT ADDED ENTRY--TOPICAL TERM
Topical term or geographic name entry element Physics.
942 ## - ADDED ENTRY ELEMENTS (KOHA)
Source of classification or shelving scheme
Koha item type Book
Call number prefix 530,CRO
Holdings
Withdrawn status Lost status Source of classification or shelving scheme Damaged status Not for loan Permanent Location Current Location Shelving location Date acquired Full call number Barcode Date last seen Price effective from Koha item type Public note
          Military College of Signals (MCS) Military College of Signals (MCS) General Stacks 12/12/2016 530,CRO MCS6066 12/08/2016 12/12/2016 Book Almirah No.15, Shelf No.2
          Military College of Signals (MCS) Military College of Signals (MCS) General Stacks 12/12/2016 530,CRO MCS7192 12/08/2016 12/12/2016 Book Almirah No.77, Shelf No.1
© 2023 Central Library, National University of Sciences and Technology. All Rights Reserved.